Les céréales / (Record no. 55645)
[ view plain ]
| 000 -LEADER | |
|---|---|
| campo de control de longitud fija | 00721nam a2200217 i 4500 |
| 001 - NÚMERO DE CONTROL | |
| campo de control | 55645 |
| 003 - IDENTIFICADOR DE NÚMERO DE CONTROL | |
| campo de control | ES-MaACL |
| 005 - FECHA Y HORA DE LA ÚLTIMA TRANSACCIÓN | |
| campo de control | 20240117121759.0 |
| 007 - CAMPO FIJO DE DESCRIPCIÓN FÍSICA--INFORMACIÓN GENERAL | |
| campo de control de longitud fija | t| |
| 008 - DATOS DE LONGITUD FIJA--INFORMACIÓN GENERAL | |
| campo de control de longitud fija | 030924s1909 fr ||||1| fre d |
| 100 1# - ENTRADA PRINCIPAL--NOMBRE DE PERSONA | |
| Nombre de persona | Desriot, A. |
| 9 (RLIN) | 43933 |
| 245 10 - MENCIÓN DEL TÍTULO | |
| Título | Les céréales / |
| Mención de responsabilidad, etc. | par A. Desriot ; publié sous le pationage de Adolphe Carnot et Ed. Mamelle ; et sous la direction de M. E. Chancrin. |
| 260 ## - PUBLICACIÓN, DISTRIBUCIÓN, ETC. | |
| Lugar de publicación, distribución, etc. | Paris : |
| Nombre del editor, distribuidor, etc. | [s.n.], |
| Fecha de publicación, distribución, etc. | 1909 ( |
| Fabricante | Lahure) |
| 300 ## - DESCRIPCIÓN FÍSICA | |
| Extensión | XII, 184 p. ; |
| Dimensiones | 18 cm. |
| 500 ## - NOTA GENERAL | |
| Nota general | Encyclopédie des connoissances agricoles. |
| 700 1# - ENTRADA AGREGADA--NOMBRE PERSONAL | |
| Nombre de persona | Carnot, Adolphe. |
| 9 (RLIN) | 35384 |
| 700 1# - ENTRADA AGREGADA--NOMBRE PERSONAL | |
| Nombre de persona | Mamelle, Ed. |
| 9 (RLIN) | 75896 |
| 700 0# - ENTRADA AGREGADA--NOMBRE PERSONAL | |
| Nombre de persona | Chancrin, Ernest, |
| Fechas asociadas al nombre | 1867-1948 |
| 9 (RLIN) | 37945 |
| 852 ## - LOCALIZACIÓN | |
| Ubicación | ES-MaACL |
| Número de control de estantería | F-9273 |
| Estatus retirado | Estado de pérdida | Estado de daño | No para préstamo | Biblioteca de origen | Biblioteca actual | Ubicación en estantería | Fecha de adquisición | Fuente de adquisición | Total de préstamos | Signatura topográfica completa | Código de barras | Visto por última vez | Precio de reemplazo | Tipo de ítem Koha |
|---|---|---|---|---|---|---|---|---|---|---|---|---|---|---|
| Biblioteca del Ateneo de Madrid | Biblioteca del Ateneo de Madrid | Sala Pecera Planta 2 | 17/01/2008 | F-9273 | 1058458 | 23/02/2023 | 23/02/2023 | Libro impreso |
